Tropical foods / (Record no. 20931)

MARC details
000 -LEADER
fixed length control field 00941cam a22002411a 4500
001 - CONTROL NUMBER
control field e 28000517
003 - CONTROL NUMBER IDENTIFIER
control field DLC
005 - DATE AND TIME OF LATEST TRANSACTION
control field 20260227111218.0
008 - FIXED-LENGTH DATA ELEMENTS--GENERAL INFORMATION
fixed length control field 861023s1925 pr s000 0 eng c
010 ## - LIBRARY OF CONGRESS CONTROL NUMBER
LC control number e 28000517
035 ## - SYSTEM CONTROL NUMBER
System control number (OCoLC)14511524
040 ## - CATALOGING SOURCE
Original cataloging agency Library, U.S. Dept. of Education
Transcribing agency CtU
Modifying agency CtU
-- DLC
042 ## - AUTHENTICATION CODE
Authentication code premarc
050 00 - LIBRARY OF CONGRESS CALL NUMBER
Classification number TX725
Item number .W6
100 1# - MAIN ENTRY--PERSONAL NAME
Personal name Willsey, Elsie Mae.
245 10 - TITLE STATEMENT
Title Tropical foods /
Statement of responsibility, etc. by Elsie Mae Willsey.
260 ## - PUBLICATION, DISTRIBUTION, ETC.
Place of publication, distribution, etc. San Juan, P.R. :
Name of publisher, distributor, etc. Bureau of Supplies, Printing, and Transportation,
Date of publication, distribution, etc. 1925.
300 ## - PHYSICAL DESCRIPTION
Extent 3 v. ;
Dimensions 23 cm.
490 0# - SERIES STATEMENT
Series statement Bulletin / Puerto Rico. Dept. of Education ;
Volume/sequential designation no. 3, 1925, whole number 62
504 ## - BIBLIOGRAPHY, ETC. NOTE
Bibliography, etc. note Bibliography: p. [30]
505 0# - FORMATTED CONTENTS NOTE
Formatted contents note Bulletin no. 1 Vegetables : chayote, yautia, plantain, banaana -- Bulletin no. 2 Vegetables : arracacha, breadfruit, casava, leren, malanga -- Bulletin no. 3 Vegetables : rice and legumes.
650 #0 - SUBJECT ADDED ENTRY--TOPICAL TERM
Topical term or geographic name entry element Cooking, Puerto Rican.

No items available.

Powered by Koha